| 000 | 00502nam a22001817a 4500 | ||
|---|---|---|---|
| 005 | 20250415134328.0 | ||
| 008 | 250414b |||||||| |||| 00| 0 eng d | ||
| 020 | _a978-93-93885-04-3 | ||
| 041 | _aeng | ||
| 082 | _a616.075 SUD-T | ||
| 100 |
_aR, SUDHA _98624 |
||
| 245 | _aTEXT BOOK OF HISTOLOGICAL TECHNIQUES FOR MEDICAL LABORATORY TECHNOLOGY | ||
| 250 | _a1ST ED. 2022 | ||
| 260 |
_aBANGALORE _bEMMESS MEDICAL PUBLISHERS _cBANGALORE |
||
| 300 | _a173;P | ||
| 650 |
_aBMLT _98487 |
||
| 942 | _cBK | ||
| 999 |
_c8760 _d8758 |
||